00784nam a2200193Ia 450000100060000000800410000608200110004710000310005824500670008926000410015630000140019765300300021165300260024165300130026794200120028095201360029295201450042899900170057345372170109s ii a g b000 u 297 u a891.55 aSaijjideen, Maulana Kazi . 0aBustan-e-Saiadi /cMaulana Kazi Saijjideen.hTextual Documents aDelhi :bSabrang Kitab Ghar ,c1941. c23 cm . . aModern Persian Literature aDeptt-Islamic Studies aG-Arabic 2ddccBK 001040708General aSKBLbSKBLcG-Arabicd2012-02-01f00000g250.00l0o891.55 Saip91279r2024-01-14 00:00:00t1w2012-02-01yBK 001040708General aSKBLbSKBLcG-Arabicd2012-02-01f00000g250.00l0o891.55 Hu 963 Bup1048/Islr2024-01-14 00:00:00t2w2012-02-01yBK c45337d45337